South Eastern Kenya University

Library Online Public Access Catalogue


Entrepreneurial finance : (Record no. 3038)

MARC details
000 -LEADER
fixed length control field 00396cam a22001334a 4500
020 ## - INTERNATIONAL STANDARD BOOK NUMBER
International Standard Book Number 0324134754
050 00 - LIBRARY OF CONGRESS CALL NUMBER
Classification number HG4751
Item number .S73
100 1# - MAIN ENTRY--PERSONAL NAME
Personal name Stancill, James McN.
Dates associated with a name 1932-
245 10 - TITLE STATEMENT
Title Entrepreneurial finance :
Remainder of title for new and emerging businesses /
Statement of responsibility, etc. James McNeill Stancill.
260 ## - PUBLICATION, DISTRIBUTION, ETC. (IMPRINT)
Place of publication, distribution, etc. Mason, Ohio :
Name of publisher, distributor, etc. Thomson/South-Western,
Date of publication, distribution, etc. c2004.
300 ## - PHYSICAL DESCRIPTION
Extent xxxvii, 442 p. :
650 #0 - SUBJECT ADDED ENTRY--TOPICAL TERM
General subdivision Finance.
942 ## - ADDED ENTRY ELEMENTS (KOHA)
Koha item type General circulation
Holdings
Withdrawn status Lost status Source of classification or shelving scheme Damaged status Not for loan Home library Current library Date acquired Cost, normal purchase price Total Checkouts Full call number Barcode Date last seen Cost, replacement price Price effective from Koha item type Public note Shelving location
    Library of Congress Classification     Main Campus Library Main Campus Library 04/09/2014 3060.00   HG4751 .S73 2019/021640 04/09/2014 3560.00 04/09/2014 General circulation jm  
    Library of Congress Classification     Main Campus Library Main Campus Library 08/09/2014 3060.00   HG4751 .S73 2019/021641 08/09/2014 3560.00 08/09/2014 General circulation jm General Stacks
Kitui, Kenya.
+254736116989
library@seku.ac.ke